A szegedi Gazdaságtudományi Kar regionális kutatóközpont is Stratégia az egyetemnek
Elmentve itt :
| Dokumentumtípus: | Cikk |
|---|---|
| Megjelent: |
2011-09-24
|
| Sorozat: | Délmagyarország
|
| Kulcsszavak: | Vilmányi Márton, Gazdaságtudományi Kar |
| Online Access: | http://univ.bibl.u-szeged.hu/40482 |
| LEADER | 00517nab a2200157 i 4500 | ||
|---|---|---|---|
| 001 | univ40482 | ||
| 005 | 20171214104123.0 | ||
| 008 | 171214s2011 hu o 0|| zxx d | ||
| 040 | |a SZTE UnivHistória Repozitórium |b hun | ||
| 041 | |a zxx | ||
| 245 | 0 | 2 | |a A szegedi Gazdaságtudományi Kar regionális kutatóközpont is |h [elektronikus dokumentum] : |b Stratégia az egyetemnek |
| 260 | |c 2011-09-24 | ||
| 300 | |a 9 | ||
| 490 | 0 | |a Délmagyarország | |
| 561 | |a Egyetemi hirarchívum | ||
| 695 | |a Vilmányi Márton, Gazdaságtudományi Kar | ||